01033 a2200169 45000010006000000050017000060080041000230030015000640400040000790800039001192450027001582640036001853000019002215050580002401000022008207000021008424630320260407155735.0260407a1966 arg spa dAR-UNSa-BCEJYS aAR-UNSa-BCEJYSbspacAR-UNSa-BCEJYS a330.342.14xEconomía capitalista10aCapitalismo y Libertad 1aMadrid :bEdiciones Rialpc1966 a256 p.c24 cm. a1. La relación entre libertad económica y libertad política – 2. La función del Estado en una sociedad libre – 3. El control monetario – 4. Organización de las finanzas y el comercio internacionales – 5. Política fiscal – 6. La función del Estado en la educación – 7. Capitalismo y discriminación – 8. El monopolio y la responsabilidad social de la empresa y del trabajo – 9. El sistema de licencias profesionales – 10. La distribución de la renta – 11. Medidas de bienestar social – 12. El alivio de la pobreza – 13. Conclusión.1 aFriedman, Rose D.1 aFriedman, Milton